000 00633nam a2200193 a 4500
001 000022594
005 20200930021707.0
008 101013s2007 mx a 000 0 spa d
020 _a9781602550056
040 _aDO-SdBNP
_bspa
_cBNPHU
082 _axxxx
_bR175c
100 1 _aRamos, Marcos Antonio
_934254
245 1 3 _aLa Cuba de Castro y después... /
_cMarcos Antonio Ramos.
260 _aTennessee, Estados Unidos :
_bGrupo Nelson,
_c2007.
300 _a303 p. :
_bil. ;
_c22 cm.
500 _aIncluye datos biográficos del autor en la contracubierta
504 _aIncluye notas y referencias bilbiográficas
049 _aBNPD
999 _c22091
_d22091